000 00931nac a22002897a 4500
001 BR8203305
003 BR-BrBNA
005 20240105115343.0
008 230509b bl.|||m| |||| 00| 0 por d
040 _aBR-BrBNA
_bpor
_cBiblioteca Nacional de Agricultura
072 _aE15; Q10
090 _a9410 BR8203305
110 1 _aCooperativa de Laticinios e Agricola de Batatais Ltda., SP (Brasil)
_92860
245 1 _aRelatorio anual 1982 [Cooperativa de Laticinios e Agricola de Batatais Ltda., Sao Paulo, Brasil]
260 3 _aBatatais, SP (Brasil):
_c1982.
300 _a31 p.
490 _aRelatorio - Cooperativa de Laticinios e Agricola de Batatais Ltda. (Brazil)
_v
_x
650 _aLEITE
650 _aLATICINIO
650 _aCOOPERATIVA
650 _aRECEITA
650 _aDESPESA
650 _aINVESTIMENTO
650 _aSAO PAULO
909 _a202312
_bLúcia Elande
_c55
_dLúcia Elande
942 _2AGRIS
_n0
_cMS
999 _c274447
_d274447